000 01121nam a22002057a 4500
999 _c59383
_d59383
003 Ge_BSU
005 20230202112039.0
008 230202s2000 ge ||||| |||| 00| 0 geo d
041 _ageo
080 _a349.41(479.22)(094.1)+332.32.025.88(479.22) ნ-86
245 _aნორმატიული აქტების კრებული მიწის კანონმდებლობისა და პრივატიზაციის შესახებ /
_c საქ. ახალგ. იურისტთა ასოციაცია.
264 _aთბილისი :
_b საია,
_c2000.
300 _a136 გვ. ;
_b21 სმ.
653 _aსაქართველოს მიწის კანონმდებლობა
653 _aმიწის პრივატიზაცია საქართველოში
653 _aმიწის რეგისტრაცია
653 _aმიწის გადასახადი
653 _aსასოფლო-სამეურნეო მიწის იჯარა
942 _2udc
_cBK